000 00580nam a2200181Ia 4500
008 090123s9999 xx 000 0 und d
082 _b2402
100 _aकालेलकर काका
245 _aनिसर्गाचे हास्य
250 _a1
260 _bकेसरी मुद्रणालय
300 _a96
600 _aकालेलकर काका
630 _aनिसर्गाचे हास्य
700 _aकालेलकर काका
730 _aनिसर्गाचे हास्य
942 _cBOOK
999 _c40486
_d40486